header

On-chip pretreatment of whole blood by using MEMS technology (Record no. 194442)

MARC details
000 -LEADER
fixed length control field 01183nam a2200301Ia 4500
245 00 - TITLE STATEMENT
Title On-chip pretreatment of whole blood by using MEMS technology
260 ## - PUBLICATION, DISTRIBUTION, ETC. (IMPRINT)
Place of publication [Saif Zone, Sharjah, UAE] :
Name of publisher Bentham eBooks,
Year of publication [2012]
300 ## - PHYSICAL DESCRIPTION
Number of Pages iii, 118 p.
650 #0 - SUBJECT ADDED ENTRY--TOPICAL TERM
Topical Term Microelectromechanical systems.
Topical Term Microfluidic devices.
Topical Term Blood
700 1# - ADDED ENTRY--PERSONAL NAME
Personal name Chen, Xing.
856 40 - ELECTRONIC LOCATION AND ACCESS
Uniform Resource Identifier http://site.ebrary.com/lib/rucke/Doc?id=10601795

No items available.

© 2026 Rongo University
Contact us: librarian | system librarian | Rongo university